Evolution of life (Record no. 248913)
[ view plain ]
| 000 -LEADER | |
|---|---|
| fixed length control field | 00504nam a2200217Ia 4500 |
| 008 - FIXED-LENGTH DATA ELEMENTS--GENERAL INFORMATION | |
| fixed length control field | 150909s9999 xx 000 0 und d |
| 041 ## - LANGUAGE CODE | |
| Language code of text/sound track or separate title | English |
| 082 ## - DEWEY DECIMAL CLASSIFICATION NUMBER | |
| Classification number | 575 |
| 082 ## - DEWEY DECIMAL CLASSIFICATION NUMBER | |
| Item number | RAN/EV |
| 100 ## - MAIN ENTRY--PERSONAL NAME | |
| Personal name | Jagit Singh |
| 100 ## - MAIN ENTRY--PERSONAL NAME | |
| Personal name | Randhwa M S |
| 100 ## - MAIN ENTRY--PERSONAL NAME | |
| Relator term | Author |
| 245 ## - TITLE STATEMENT | |
| Title | Evolution of life |
| 260 ## - PUBLICATION, DISTRIBUTION, ETC. (IMPRINT) | |
| Place of publication, distribution, etc. | New Delhi |
| 260 ## - PUBLICATION, DISTRIBUTION, ETC. (IMPRINT) | |
| Name of publisher, distributor, etc. | Publication &Information Directorate |
| 260 ## - PUBLICATION, DISTRIBUTION, ETC. (IMPRINT) | |
| Date of publication, distribution, etc. | 1969 |
| 300 ## - PHYSICAL DESCRIPTION | |
| Extent | 360 Pages |
| 650 ## - SUBJECT ADDED ENTRY--TOPICAL TERM | |
| Topical term or geographic name as entry element | Harappan culture |
| 650 ## - SUBJECT ADDED ENTRY--TOPICAL TERM | |
| Topical term or geographic name as entry element | Mesozoic Era |
| 942 ## - ADDED ENTRY ELEMENTS (KOHA) | |
| Koha item type | Books (General) |
| Withdrawn status | Lost status | Damaged status | Not for loan | Home library | Current library | Date acquired | Total Checkouts | Full call number | Barcode | Date last seen | Price effective from | Koha item type |
|---|---|---|---|---|---|---|---|---|---|---|---|---|
| College of Agriculture, Vellanikkara | College of Agriculture, Vellanikkara | 03/03/2022 | 575 RAN/EV | KAU-COA-7029 | 16/09/2015 | 16/09/2015 | Books (General) |
